| 000 | 01023nam a22002897a 4500 | ||
|---|---|---|---|
| 003 | OSt | ||
| 005 | 20231004151135.0 | ||
| 008 | 221006b |||||||| |||| 00| 0 eng d | ||
| 040 | _cBiblioteca Lado V | ||
| 082 |
_a709.05 _bF593u |
||
| 100 |
_9832 _aFlecha, Mario _eeditor |
||
| 245 | _aUntitled/ | ||
| 260 |
_bArts Councill England _c1999 _aLondres |
||
| 300 |
_c28x39cm _a35p. |
||
| 366 | _eeng | ||
| 490 |
_a19 _vSUMMER |
||
| 650 |
_2Tesauro de Arte & Arquitectura _aARTE _9703 |
||
| 650 |
_2Tesauro de Arte & Arquitectura _aPINTURA |
||
| 650 |
_2Tesauro de Arte & Arquitectura _aFOTOGRAFIA _9702 |
||
| 650 |
_2Tesauro de Arte & Arquitectura _aENTREVISTAS |
||
| 650 |
_2Tesauro de Arte & Arquitectura _aMISCELANEA |
||
| 650 |
_2Tesauro de Arte & Arquitectura _aPROYECTOS DE ARTE |
||
| 650 |
_2Tesauro de Arte & Arquitectura _aINGLES |
||
| 650 |
_2Tesauro de Arte & Arquitectura _aARTE CONTEMPORANEO |
||
| 651 |
_2Tesauro de Arte & Arquitectura _aLONDRES |
||
| 942 |
_2ddc _c1 _h709.05 _iF593u _n0 |
||
| 999 |
_c4468 _d4468 |
||